000 nam a22 7a 4500
999 _c8161
_d8161
008 171204b xxu||||| |||| 00| 0 eng d
100 _aMathur R. C
_94596
245 _aA Source book of science projects
260 _aNew Delhi
_bAsha Prakashan Greh
_c2002